000 00621nam a2200253Ia 4500
008 190123s9999 xx 000 0 und d
020 _a9780590464642
050 _bE532 1990
100 _aEmberley, Rebecca
245 0 _aTaking a walk =
245 0 _bCaminando /
245 0 _cby Rebecca Emberley.
260 _aNew York, New York :
260 _bScholastic,
260 _c1990
300 _aunpaged :
300 _bcolored illustrations ;
300 _c23cm.
500 _aBR
650 _aBilingual books.
650 _aPicture dictionaries, English.
650 _aVocabulary.
700 _aTitle.
999 _c360964
_d360964